Caracterización de dos suelos de partido de Dorrego teniendo en cuenta su contrastante topográfica /

Guardado en:
Autor Principal: Chavez, Daniel Alberto.
Autor Corporativo: Universidad Nacional del Sur. Departamento de Agronomía.
Otros Autores: Nahuelquir, Leonardo Darío.
Formato: Libro
Idioma:Spanish
Publicado: Bahía Blanca, 2006.
Etiquetas: Agregar Etiqueta
Sin Etiquetas, Sea el primero en etiquetar este registro!
LEADER 00856nam a22001815a 4500
001 EEA.libagro007679
005 20180420115930.0
008 130809s2006####ag#a##########000#0#spa#d
082 0 4 |a 631.4782 
100 1 |a Chavez, Daniel Alberto. 
245 1 0 |a Caracterización de dos suelos de partido de Dorrego teniendo en cuenta su contrastante topográfica /  |c Daniel Alberto Chavez, Leonardo Darío Nahuelquir. 
260 |a Bahía Blanca,  |c 2006. 
300 |a 65 h. :  |b il. ;  |c 30 cm. 
500 |a Trabajo final (Técnico Superior Agrario en Suelos y Aguas) -- Universidad Nacional del Sur. Departamento de Agronomía, 2006. 
700 1 |a Nahuelquir, Leonardo Darío. 
710 2 |a Universidad Nacional del Sur.  |b Departamento de Agronomía. 
859 |a AR-BbBCA  |b BIB. AGRONOMIA  |h 631.4782  |i C512  |p 2006/5068 
859 |a AR-BbBCA  |b BIB. AGRONOMIA  |h 631.4782  |i C512  |p 2006/5069  |t Ej.2